Statistics for 食品アレルギー表示28品目

Click here to take the quiz!

General Stats

  • This quiz has been taken 546 times
  • The average score is 14 of 28

Answer Stats

HintAnswer% Correct
特定原材料小麦
95%
特定原材料
89%
特定原材料
84%
特定原材料えび
83%
特定原材料かに
80%
特定原材料そば
77%
大豆
75%
リンゴ
74%
特定原材料落花生
64%
豚肉
56%
牛肉
56%
鶏肉
54%
いか
49%
もも
47%
さば
44%
さけ
41%
バナナ
40%
オレンジ
37%
キウイフルーツ
36%
ごま
35%
くるみ
34%
いくら
27%
ゼラチン
27%
アーモンド
26%
あわび
20%
カシューナッツ
19%
やまいも
19%
まつたけ
14%

Score Distribution

Percentile by Number Answered

Percent of People with Each Score

Your Score History

You have not taken this quiz